[Event "Regionalliga NW 0506"]
[Site "Bayern"]
[Date "2005.12.11"]
[Round "4.5"]
[White "Meier, Andreas"]
[Black "Wuttig, Michael"]
[Result "0-1"]
[WhiteElo "1809"]
[BlackElo "1995"]
[PlyCount "90"]
[EventDate "2005.10.23"]
[EventType "team-tourn"]
[EventRounds "9"]
[EventCountry "GER"]
[SourceTitle "EXT 2007"]
[Source "ChessBase"]
[SourceDate "2006.11.23"]
[SourceVersion "1"]
[SourceVersionDate "2006.11.23"]
[SourceQuality "1"]

1. e4 d6 2. d4 g6 3. c4 Bg7 4. Nc3 Nf6 5. Be3 0-0 6. Bd3 Nc6 7. a3 e5 8. d5 Ne7 9. Nge2 Ng4 10. Qd2 Nxe3 11. Qxe3 f5 12. f3 Rf7 13. b4 f4 14. Qf2 g5 15. c5 Ng6 16. Bc4 Kh8 17. c6 b6 18. a4 a5 19. b5 g4 20. 0-0-0 Qh4 21. Rdf1 gxf3 22. gxf3 Bh3 23. Qxh4 Nxh4 24. Rf2 Bg2 25. Rd1 Bxf3 26. Rd3 Bh5 27. Ng1 Bf6 28. Bb3 Rg8 29. Nh3 Rfg7 30. Bd1 Bxd1 31. Rxd1 Rg2 32. Rdf1 h5 33. Rxg2 Rxg2 34. Rf2 Rxf2 35. Nxf2 Nf3 36. h3 Bh4 37. Nd3 Kg7 38. Nd1 Kf6 39. N3b2 Ng5 40. Nc4 Ke7 41. Nc3 Nxh3 42. Na2 Ng5 43. Nb4 Nxe4 44. Na6 Kd8 45. Nb8 Nc5 0-1

[Event "Regionalliga NW 0405"]
[Site "Bayern"]
[Date "2005.01.16"]
[Round "5.7"]
[White "Wuttig, Michael"]
[Black "Elbert, Gebhard"]
[Result "0-1"]
[WhiteElo "2002"]
[BlackElo "1884"]
[PlyCount "92"]
[EventDate "2004.10.24"]
[EventType "team-tourn"]
[EventRounds "9"]
[EventCountry "GER"]
[SourceTitle "EXT 2007"]
[Source "ChessBase"]
[SourceDate "2006.11.23"]
[SourceVersion "1"]
[SourceVersionDate "2006.11.23"]
[SourceQuality "1"]
[WhiteTeam "Burgsinn"]
[BlackTeam "Sailauf"]
[WhiteTeamCountry "GER"]
[BlackTeamCountry "GER"]

1. Nf3 d5 2. b3 c5 3. e3 g6 4. Bb2 Nf6 5. Be2 Bg7 6. 0-0 0-0 7. d4 cxd4 8. exd4 Nc6 9. Nbd2 Re8 10. Ne5 Qb6 11. Ndf3 Bg4 12. Nxc6 bxc6 13. Ne5 Bxe2 14. Qxe2 Ne4 15. Kh1 Ng5 16. f3 Rad8 17. Qd2 Ne6 18. Rfe1 h5 19. Rad1 Rc8 20. Nxg6 fxg6 21. Rxe6 Bf6 22. Rde1 Kf7 23. a4 g5 24. Ba3 Qxd4 25. Qxd4 Bxd4 26. Rxe7+ Rxe7 27. Rxe7+ Kf6 28. g3 a5 29. Kg2 c5 30. Rh7 c4 31. b4 Re8 32. bxa5 Re2+ 33. Kf1 Rxc2 34. a6 Ra2 35. a7 Bxa7 36. Rxa7 Rxa3 37. Ke2 Ke5 38. a5 Kd4 39. a6 Ra2+ 40. Kd1 Kd3 41. Kc1 d4 42. f4 gxf4 43. gxf4 Ra5 44. f5 c3 45. Kb1 c2+ 46. Kb2 Rb5+ 0-1

[Event "Landesliga Nord 0203"]
[Site "Bayern"]
[Date "2002.11.17"]
[Round "2.5"]
[White "Wuttig, Michael"]
[Black "Frieser, Klaus"]
[Result "0-1"]
[WhiteElo "2016"]
[BlackElo "2127"]
[PlyCount "68"]
[EventDate "2002.10.20"]
[EventType "team"]
[EventRounds "9"]
[EventCountry "GER"]
[SourceTitle "EXT 2004"]
[Source "ChessBase"]
[SourceDate "2003.11.25"]
[SourceVersion "1"]
[SourceVersionDate "2003.11.25"]
[SourceQuality "1"]
[WhiteTeam "Burgsinn"]
[BlackTeam "Kelheim"]
[WhiteTeamCountry "GER"]
[BlackTeamCountry "GER"]

1. Nf3 d5 2. b3 c5 3. e3 Nc6 4. d4 Bg4 5. Bb2 cxd4 6. exd4 e6 7. Be2 Nf6 8. 0-0 Bd6 9. Ne5 Bxe2 10. Qxe2 Qb6 11. Nd2 0-0 12. Ndf3 Rac8 13. c4 dxc4 14. bxc4 Bxe5 15. dxe5 Nd7 16. Ba3 Rfd8 17. Bd6 Qa6 18. Rac1 Na5 19. Rfd1 Nb6 20. Ng5 h6 21. Qh5 hxg5 22. Rc3 Rxc4 23. Rh3 Rh4 24. Qxg5 Rxd6 25. Rxd6 Rxh3 26. Rd8+ Kh7 27. gxh3 Qe2 28. Rd4 Nc6 29. Rh4+ Kg8 30. f4 Nd5 31. Qh5 Qe1+ 32. Kg2 Ne3+ 33. Kf3 Nd4+ 34. Ke4 Nef5+ 0-1

[Event "Regionalliga NW 9900"]
[Site "Bayern"]
[Date "1999.??.??"]
[Round "1.7"]
[White "Assmann, Norbert"]
[Black "Wuttig, Michael"]
[Result "1/2-1/2"]
[WhiteElo "2075"]
[BlackElo "1985"]
[PlyCount "52"]
[EventDate "1999.??.??"]
[EventType "team-tourn"]
[EventRounds "9"]
[EventCountry "GER"]
[SourceTitle "EXT 2020"]
[Source "ChessBase"]
[SourceDate "2019.10.17"]
[SourceVersion "1"]
[SourceVersionDate "2019.10.17"]
[SourceQuality "1"]
[WhiteTeam "Sailauf"]
[BlackTeam "Burgsinn"]
[WhiteTeamCountry "GER"]
[BlackTeamCountry "GER"]

1. Nf3 g6 2. g3 Bg7 3. Bg2 d5 4. 0-0 Nf6 5. d3 0-0 6. Nbd2 c6 7. c3 Nbd7 8. Qc2 Qc7 9. e4 b6 10. Re1 dxe4 11. dxe4 e5 12. b3 Ba6 13. Bf1 Bxf1 14. Nxf1 Rad8 15. Ba3 Rfe8 16. Rad1 Bf8 17. Bxf8 Kxf8 18. N3d2 Nc5 19. f3 Rd7 20. Nc4 Red8 21. Rxd7 Rxd7 22. Rd1 Rxd1 23. Qxd1 Qd7 24. Qxd7 Nfxd7 25. Nfd2 Ke7 26. Kf1 Ke6 1/2-1/2

[Event "Regionalliga NW 9899"]
[Site "Bayern"]
[Date "1999.??.??"]
[Round "9.7"]
[White "Dahlheimer, Bernd"]
[Black "Wuttig, Michael"]
[Result "1/2-1/2"]
[WhiteElo "2015"]
[BlackElo "1970"]
[PlyCount "112"]
[EventDate "1998.??.??"]
[EventType "team-tourn"]
[EventRounds "9"]
[EventCountry "GER"]
[SourceTitle "EXT 2020"]
[Source "ChessBase"]
[SourceDate "2019.10.17"]
[SourceVersion "1"]
[SourceVersionDate "2019.10.17"]
[SourceQuality "1"]
[WhiteTeam "Dettingen"]
[BlackTeam "Burgsinn"]
[WhiteTeamCountry "GER"]
[BlackTeamCountry "GER"]

1. e4 d6 2. d4 g6 3. Nc3 Bg7 4. Be3 Nf6 5. f3 c6 6. Qd2 Nbd7 7. 0-0-0 Qa5 8. Bh6 Bxh6 9. Qxh6 b5 10. Kb1 b4 11. Nce2 Nb6 12. Nc1 Be6 13. Nge2 Bc4 14. g4 c5 15. Qd2 Na4 16. dxc5 Qxc5 17. g5 Nd7 18. Qd4 Qxd4 19. Rxd4 Nab6 20. b3 Bxe2 21. Bxe2 a5 22. f4 0-0 23. Bg4 Rac8 24. Rhd1 Rc5 25. Bxd7 Nxd7 26. e5 Rfc8 27. exd6 exd6 28. Rxd6 Nf8 29. R1d2 Ne6 30. Nd3 Rf5 31. Rf2 Kg7 32. h4 h6 33. Kb2 hxg5 34. hxg5 Rh8 35. Rc6 Rh4 36. Rc4 Rh1 37. a3 bxa3+ 38. Kxa3 Kf8 39. Kb2 Ke7 40. Re4 Rh4 41. c4 Kd8 42. Kc3 Kc8 43. Re5 Rxe5 44. Nxe5 Rxf4 45. Rxf4 Nxf4 46. Nxf7 Ne6 47. Nd6+ Kd7 48. Ne4 Kc6 49. Kd3 Kb6 50. Kc3 Kc6 51. Kb2 Kb6 52. Ka3 Ka6 53. Ka4 Kb6 54. Ka3 Kc6 55. Kb2 Kb6 56. Kc3 Kc6 1/2-1/2

[Event "Regionalliga NW 9798"]
[Site "Bayern"]
[Date "1997.??.??"]
[Round "?.5"]
[White "Bahlke, Wolfgang"]
[Black "Wuttig, Michael"]
[Result "0-1"]
[WhiteElo "2015"]
[BlackElo "1980"]
[PlyCount "77"]
[EventDate "1997.10.??"]
[EventType "team-tourn"]
[EventRounds "9"]
[EventCountry "GER"]
[SourceTitle "EXT 2020"]
[Source "ChessBase"]
[SourceDate "2019.10.17"]
[SourceVersion "1"]
[SourceVersionDate "2019.10.17"]
[SourceQuality "1"]
[WhiteTeam "Dettingen"]
[BlackTeam "Burgsinn"]
[WhiteTeamCountry "GER"]
[BlackTeamCountry "GER"]

1. d4 Nf6 2. c4 g6 3. Nc3 Bg7 4. e4 d6 5. f4 0-0 6. Nf3 c5 7. dxc5 Qa5 8. Bd3 Qxc5 9. Qe2 Bg4 10. Be3 Qa5 11. 0-0 Nc6 12. Rac1 Bxf3 13. gxf3 Nh5 14. Qf2 Rac8 15. Bb1 e5 16. Nd5 exf4 17. Nxf4 Qg5+ 18. Ng2 Qf6 19. b3 a6 20. Kh1 Ne5 21. a4 Rfe8 22. Rcd1 h6 23. Qe2 Qe6 24. Nf4 Nxf4 25. Bxf4 Rcd8 26. Bg3 Nc6 27. Qf2 Rd7 28. f4 Qg4 29. f5 Be5 30. fxg6 fxg6 31. Bxe5 Nxe5 32. Rg1 Rf8 33. Rxg4 Rxf2 34. Rg2 Rf3 35. Rg3 Rdf7 36. Rxf3 Rxf3 37. b4 Ng4 38. Kg2 Rb3 39. Ba2 0-1

[Event "Regionalliga NW 9697"]
[Site "Bayern"]
[Date "1997.??.??"]
[Round "?"]
[White "Wuttig, Michael"]
[Black "Lechleitner, Walter"]
[Result "1/2-1/2"]
[WhiteElo "1975"]
[BlackElo "2060"]
[PlyCount "45"]
[EventDate "1996.10.??"]
[EventType "team-tourn"]
[EventRounds "9"]
[EventCountry "GER"]
[SourceTitle "EXT 1999"]
[Source "ChessBase"]
[SourceDate "1998.11.16"]
[SourceVersion "1"]
[SourceVersionDate "1998.11.16"]
[SourceQuality "1"]
[WhiteTeam "Burgsinn"]
[BlackTeam "Kronach"]
[WhiteTeamCountry "GER"]
[BlackTeamCountry "GER"]

1. Nf3 Nf6 2. b3 c5 3. e3 d5 4. d4 Nc6 5. Bb2 Bg4 6. Nbd2 cxd4 7. exd4 e6 8. a3 Bd6 9. Bd3 Qc7 10. h3 Bh5 11. 0-0 a6 12. Qe1 Nd7 13. c4 0-0 14. Qc1 Bf4 15. Qc2 Bg6 16. Rfe1 Rac8 17. c5 e5 18. Bxg6 hxg6 19. dxe5 Ncxe5 20. Nxe5 Bxe5 21. Bxe5 Nxe5 22. b4 Rfe8 23. Rad1 1/2-1/2

[Event "Regionalliga NW 9697"]
[Site "Bayern"]
[Date "1996.??.??"]
[Round "?"]
[White "Buechs, Martin"]
[Black "Wuttig, Michael"]
[Result "0-1"]
[WhiteElo "1890"]
[BlackElo "1975"]
[PlyCount "80"]
[EventDate "1996.10.??"]
[EventType "team-tourn"]
[EventRounds "9"]
[EventCountry "GER"]
[SourceTitle "EXT 1999"]
[Source "ChessBase"]
[SourceDate "1998.11.16"]
[SourceVersion "1"]
[SourceVersionDate "1998.11.16"]
[SourceQuality "1"]
[WhiteTeam "Bad Neustadt"]
[BlackTeam "Burgsinn"]
[WhiteTeamCountry "GER"]
[BlackTeamCountry "GER"]

1. e4 g6 2. d4 Bg7 3. c4 d6 4. Nc3 Nf6 5. Nf3 0-0 6. Be2 Nc6 7. 0-0 e5 8. d5 Ne7 9. Nd2 Ne8 10. b4 f5 11. f3 h5 12. a4 g5 13. c5 Ng6 14. Nc4 Nf4 15. Ba3 Rf6 16. b5 g4 17. Kh1 Rg6 18. g3 Nxe2 19. Qxe2 f4 20. Ra2 h4 21. gxf4 exf4 22. e5 g3 23. Qe4 Qg5 24. Rg1 h3 25. hxg3 fxg3 26. Ne2 g2+ 27. Kh2 Bf5 28. Qf4 Bd3 29. Qxg5 Rxg5 30. Rc1 dxe5 31. Rd2 e4 32. fxe4 Bxe2 33. Rxe2 Bd4 34. Ne3 Be5+ 35. Kxh3 g1N+ 36. Rxg1 Rxg1 37. Nc4 Rg3+ 38. Kh4 Nf6 39. Bc1 Rg4+ 40. Kh3 Kg7 0-1

[Event "Regionalliga NW 9697"]
[Site "Bayern"]
[Date "1996.??.??"]
[Round "?"]
[White "Wuttig, Michael"]
[Black "Mueller, Helmut1111"]
[Result "1-0"]
[WhiteElo "1975"]
[BlackElo "1875"]
[PlyCount "67"]
[EventDate "1996.10.??"]
[EventType "team-tourn"]
[EventRounds "9"]
[EventCountry "GER"]
[SourceTitle "EXT 1999"]
[Source "ChessBase"]
[SourceDate "1998.11.16"]
[SourceVersion "1"]
[SourceVersionDate "1998.11.16"]
[SourceQuality "1"]
[WhiteTeam "Burgsinn"]
[BlackTeam "Coburg"]
[WhiteTeamCountry "GER"]
[BlackTeamCountry "GER"]

1. Nf3 Nf6 2. b3 g6 3. Bb2 Bg7 4. e3 0-0 5. d4 d6 6. c4 c5 7. d5 e5 8. dxe6 fxe6 9. Be2 Nc6 10. 0-0 d5 11. Ne5 Qc7 12. Nxc6 bxc6 13. Nc3 Bb7 14. Qc2 e5 15. Na4 Qe7 16. cxd5 cxd5 17. Qxc5 Qf7 18. Qb4 Ne4 19. f3 Ng5 20. Rac1 Rfd8 21. Nc5 Rab8 22. Qa5 Ba8 23. Na6 Rbc8 24. Nb4 Ne6 25. Ba6 Rxc1 26. Rxc1 d4 27. Bc4 Re8 28. exd4 exd4 29. Re1 Kf8 30. Nd3 Bf6 31. Nf4 Bd8 32. Qe5 Qxf4 33. Ba3+ Be7 34. Qxe6 1-0

[Event "Unterfranken-ch M1 46th"]
[Site "Karlburg"]
[Date "1995.??.??"]
[Round "?"]
[White "Wuttig, Michael"]
[Black "Full, Joachim"]
[Result "1/2-1/2"]
[WhiteElo "1979"]
[BlackElo "1957"]
[PlyCount "51"]
[EventDate "1995.04.17"]
[EventType "swiss"]
[EventRounds "9"]
[EventCountry "GER"]
[SourceTitle "EXT 2004"]
[Source "ChessBase"]
[SourceDate "2003.11.25"]
[SourceVersion "1"]
[SourceVersionDate "2003.11.25"]
[SourceQuality "1"]

1. Nf3 Nf6 2. b3 d5 3. Bb2 e6 4. e3 Be7 5. d4 0-0 6. Bd3 b6 7. Nbd2 Bb7 8. 0-0 c5 9. c4 Nc6 10. Rc1 Rc8 11. Ne5 cxd4 12. exd4 dxc4 13. Ndxc4 h6 14. a3 b5 15. Nxc6 Bxc6 16. Ne5 Qd5 17. f3 a6 18. Bb1 Bb7 19. Qd3 Rfd8 20. Ng4 Kf8 21. Ne3 Qh5 22. Rxc8 Rxc8 23. Rc1 Rxc1+ 24. Bxc1 Bd6 25. Nf1 g6 26. Qd2 1/2-1/2

[Event "Unterfranken-ch M1 46th"]
[Site "Karlburg"]
[Date "1995.??.??"]
[Round "?"]
[White "Wuttig, Michael"]
[Black "Mueller, Siegmund"]
[Result "1/2-1/2"]
[WhiteElo "1979"]
[BlackElo "2046"]
[PlyCount "59"]
[EventDate "1995.04.17"]
[EventType "swiss"]
[EventRounds "9"]
[EventCountry "GER"]
[SourceTitle "EXT 2004"]
[Source "ChessBase"]
[SourceDate "2003.11.25"]
[SourceVersion "1"]
[SourceVersionDate "2003.11.25"]
[SourceQuality "1"]

1. Nf3 Nf6 2. b3 e6 3. Bb2 d5 4. d4 c5 5. e3 Nc6 6. Nbd2 Be7 7. Bd3 0-0 8. 0-0 b6 9. c4 Bb7 10. Rc1 Rc8 11. Ne5 cxd4 12. exd4 dxc4 13. Ndxc4 Nb4 14. Bb1 Nbd5 15. Ne3 Bd6 16. Nxd5 Bxd5 17. f3 b5 18. Rxc8 Qxc8 19. Qd3 Qb7 20. Ng4 Rd8 21. Nxf6+ gxf6 22. Qxh7+ Kf8 23. Be4 f5 24. Bxd5 Qxd5 25. Qh4 Ke8 26. Rc1 a5 27. Qf2 Ke7 28. Qh4+ Ke8 29. Qf2 Ke7 30. Qh4+ 1/2-1/2

[Event "Unterfranken-ch M2 45th"]
[Site "Oberweissenbrunn"]
[Date "1994.??.??"]
[Round "3"]
[White "Fischer, Frank"]
[Black "Wuttig, Michael"]
[Result "0-1"]
[WhiteElo "1753"]
[BlackElo "1860"]
[PlyCount "106"]
[EventDate "1994.04.04"]
[EventType "swiss"]
[EventRounds "9"]
[EventCountry "GER"]
[SourceTitle "EXT 2015"]
[Source "ChessBase"]
[SourceDate "2014.11.20"]
[SourceVersion "1"]
[SourceVersionDate "2014.11.20"]
[SourceQuality "1"]

1. e4 d6 2. d4 Nf6 3. Nc3 g6 4. Be3 Bg7 5. f3 0-0 6. Qd2 c6 7. Bh6 e5 8. Bxg7 Kxg7 9. h4 h6 10. 0-0-0 Qa5 11. g4 Ne8 12. Bh3 Na6 13. Nge2 b5 14. dxe5 dxe5 15. a3 Nac7 16. Ng3 Ne6 17. Rdg1 Nf4 18. Nge2 b4 19. axb4 Nxe2+ 20. Qxe2 Qxb4 21. Qh2 Qe7 22. Rd1 a5 23. Rd2 Nd6 24. Rhd1 Nc4 25. g5 h5 26. Nb1 Nxd2 27. Rxd2 Bxh3 28. Qxh3 Rfd8 29. f4 Rxd2 30. Nxd2 Qc5 31. Qf3 Rd8 32. f5 Qd4 33. Nf1 Qd6 34. Ne3 Rd7 35. Nc4 Qd4 36. Ne3 a4 37. fxg6 fxg6 38. c3 Qd2+ 39. Kb1 a3 40. Nc4 Qd1+ 41. Qxd1 Rxd1+ 42. Ka2 axb2 43. Kxb2 Re1 44. Nd6 Kf8 45. c4 Ke7 46. c5 Rd1 47. Nc4 Ke6 48. Kc2 Rd4 49. Nd2 Kd7 50. Kd1 Kc7 51. Ke2 Kb7 52. Ke3 Rxd2 53. Kxd2 Ka6 0-1

[Event "Unterfranken-ch M2 45th"]
[Site "Oberweissenbrunn"]
[Date "1994.??.??"]
[Round "5"]
[White "Heerlein, Gerd"]
[Black "Wuttig, Michael"]
[Result "1/2-1/2"]
[WhiteElo "1709"]
[BlackElo "1860"]
[PlyCount "42"]
[EventDate "1994.04.04"]
[EventType "swiss"]
[EventRounds "9"]
[EventCountry "GER"]
[SourceTitle "EXT 2015"]
[Source "ChessBase"]
[SourceDate "2014.11.20"]
[SourceVersion "1"]
[SourceVersionDate "2014.11.20"]
[SourceQuality "1"]

1. Nf3 f5 2. d4 Nf6 3. c3 e6 4. Bg5 d5 5. Nbd2 Bd6 6. e3 0-0 7. Ne5 Nbd7 8. f4 Qe8 9. Bxf6 Rxf6 10. Bd3 Be7 11. Ndf3 Rh6 12. Qc2 Nxe5 13. Nxe5 Bh4+ 14. Kd2 Bd7 15. Nxd7 Qxd7 16. Rag1 Be7 17. h3 c5 18. dxc5 Bxc5 19. g4 fxg4 20. hxg4 Rxh1 21. Rxh1 g6 1/2-1/2